MARC

LEADER 00000nam0a2200000 4500
001 5572
005 20231101204430.0
010 |a 5020152013 
035 |a (RuTPU)RU\TPU\book\5600 
035 |a BOOK00005652 
090 |a 5572 
100 |a 20011209d1997 k y0rusy50 ca 
101 0 |a rus 
102 |a RU 
105 |a y z 000zy 
200 1 |a Технология и проектирование углерод-углеродных композитов и конструкций  |f Ю. В. Соколкин [и др.] 
210 |a Москва  |c Наука  |d 1997  |c Физматлит 
215 |a 240 с. 
606 |a Композитные материалы  |2 stltpush  |3 (RuTPU)RU\TPU\subj\51901  |9 70403 
610 1 |a углеродные волокна 
610 1 |a углеродные композиционные материалы 
610 1 |a технология 
610 1 |a проектирование 
675 |a 620.22-419.8  |v 3 
701 1 |a Соколкин  |b Ю. В.  |g Юрий Викторович 
701 1 |a Вотинов  |b А. М.  |g Александр Максимович 
701 1 |a Ташкинов  |b А. А.  |g Анатолий Александрович 
701 1 |a Постных  |b А. М.  |g Александр Михайлович 
701 1 |a Чекалкин  |b А. М.  |g Андрей Алексеевич 
801 0 |a RU  |b 63413507  |c 20011209  |g PSBO 
801 2 |a RU  |b 63413507  |c 20190620  |g PSBO 
942 |c BK